Spelling of longest word in English - Statistics

General Stats
  • This quiz has been taken 538 times
  • The average score is 44 of 45
Answer Stats
pronunciation word % Correct
e
99%
n
99%
n
99%
n
99%
n
99%
p
99%
p
99%
u
99%
u
99%
a
98%
a
98%
i
98%
i
98%
i
98%
i
98%
i
98%
i
98%
l
98%
l
98%
l
98%
m
98%
m
98%
o
98%
o
98%
o
98%
o
98%
o
98%
o
98%
o
98%
o
98%
o
98%
c
97%
c
97%
c
97%
c
97%
c
97%
c
97%
r
97%
r
97%
s
97%
s
97%
s
97%
s
97%
t
97%
v
96%
No matching quizzes found
Score Distribution
Percent of People with Each Score
Percentile by Number Answered
Your Score History
You have not taken this quiz